00532nam a2200157 u 450000100100000000500170001000800410002704000250006808200140009310000280010724500510013526000370018630000210022395201130024499900170035700002039420200929170410.0100813s1970 000 0 spa d aDO-SdBNPbspacBNPHU axxxbxxxx1 aMiller, James E.94305710aSemblanza de Walt Whitman. /cJames E. Miller. aArgentina, :bPax Mexico,c1970. a211 p. ;c27 cm. 0010507-18MOaGRbGRcOId2017-05-22iLF1l0oxxx xxxxp20394-10r2020-06-25w2020-06-25y1ZNo se presta c19898d19898